| 000 | 01490nam2a2200253 4500 | ||
|---|---|---|---|
| 001 | RU\NLR\BIBL_A\011840161 | ||
| 005 | 20250626135908.0 | ||
| 035 | _a(NLR Aleph) 011840161 | ||
| 090 |
_a12051403 _c12051403 |
||
| 100 | _a20181019d1888 |||y0rusy50 ca | ||
| 101 | 0 |
_arus _afre |
|
| 102 | _aRU | ||
| 105 | _ay|||z|||000zy | ||
| 200 | 1 | _aЧетвертое симфоническое собрание при участии г-жи Никита, Л.С. Ауэра и оркестра под управлением Л.С. Ауэра, в субботу, 26-го ноября 1888 года | |
| 210 |
_dценз. 1888 _aБ. м. |
||
| 215 | _a[3] с. | ||
| 300 | _aЧасть текста фр. | ||
| 461 | 0 |
_1001RU\NLR\BIBL_A\011840109 _12001#$aИмператорское Русское музыкальное общество, С.-Петербургское отделение, XXX Сезон$eпрограмма$v[3] _912051117 _aРусское музыкальное общество. Петербургское отделение _cСпб. _d1888 _nТип. Р. Голике _oпрограмма _tИмператорское Русское музыкальное общество, С.-Петербургское отделение, XXX Сезон _v[3] |
|
| 702 | 1 |
_4570 _7ca _8rus _aНикита _bЛ.-М. _f1872- _gЛуиза-Маргарита _9196352 _3RU\NLR\AUTH\770196403 |
|
| 852 |
_aNLR _j18.120.7.428(3) |
||
| 942 | _cBOOK | ||
| 980 | _aNB | ||